| 000 | 00659nam a2200241Ia 4500 | ||
|---|---|---|---|
| 003 | OSt | ||
| 005 | 20221002051625.0 | ||
| 006 | a|||||r|||| 00| 0 | ||
| 007 | ta | ||
| 008 | 220930b |||||||| |||| 00| 0 eng d | ||
| 024 | _a31536 | ||
| 037 | _cReference Collections | ||
| 040 |
_aCRL _cCRL _beng |
||
| 041 |
_2eng _aeng |
||
| 082 | _aMV4, M4(RR) | ||
| 100 |
_aMacDonald John _9286550 |
||
| 245 | 0 | _aGreat battlefields of the world | |
| 260 |
_aLondon _bMichael Joseph UK _c1984 |
||
| 300 |
_a200p. illus _ccm. |
||
| 650 | _aINDUSTRIAL ARTS | ||
| 942 |
_hMV4, M4(RR) _cref _2CC |
||
| 999 |
_c917314 _d917314 |
||